Study on the enforcement of State aid law at national level

Bibliographic Details
Main Author: Jestaedt, Thomas
Corporate Author: Unin̤ Europea. Oficina de Publicaciones Oficiales
Other Authors: Derenne, Jacques, Ottervanger, Tom
Format: Unknown
Language:Spanish
Published: [Luxembourg] : Office for Official Publications of the European Communities, 2006
Subjects:
Online Access:Acceso restringido

MARC

LEADER 00000ny a22000003n 4500
005 20110520140234.0
008 080707s2006 sp s 000 0 spa c
020 |a 9279017152 
035 |a 2114 
040 |a UMA.RE  |d vLex 
080 |a 338.246.028(4.672UE)(0.034) 
090 |c 117  |d 117 
100 1 |a Jestaedt, Thomas 
245 1 0 |a Study on the enforcement of State aid law at national level  |h [Recurso electrn̤ico]  |c Thomas Jestaedt, Jacques Derenne, Tom Ottervanger 
256 |a Servicio en ln̕ea 
260 |a [Luxembourg] :  |b Office for Official Publications of the European Communities,  |c 2006 
506 1 |a Contenido solo disponible en los productos indicados  |d vLex Global  |d vLex Global (Academic Edition, excluding Law Schools)  |d vLex Global (U.S. Academic Edition, Law Schools)  |d vLex Global (U.S. Academic Edition, excluding Law Schools)  |d vLex Global (Academic Edition, Law Schools) 
650 0 7 |a Derecho internacional  |2 Tesauro vLex 
650 0 7 |a Civil  |2 Tesauro vLex 
650 0 7 |a Comunitario  |2 Tesauro vLex 
700 1 |a Derenne, Jacques 
700 1 |a Ottervanger, Tom 
710 1 |a Unin̤ Europea.  |b Oficina de Publicaciones Oficiales 
740 0 |a vLex Libros (Servicios en ln̕ea) 
856 4 0 |u http://vlex.com/source/2114  |z Acceso restringido 
942 |c BOOK 
999 0 |a International law  |b European Countries